Những người khốn khổ, tập 2

Đã lưu trong:
Bibliografiske detaljer
Format: Bog
Udgivet: 2005
Tags: Tilføj Tag
Ingen Tags, Vær først til at tagge denne postø!
Thư viện lưu trữ: Mạng thư viện Đại học Đà Nẵng
LEADER 00440nam a22001811a 4500
001 000040723
003 17018
005 20160412023348.0
008 160412s2005 000
082 |a N2314 
245 |a Những người khốn khổ, tập 2  |c Victo Huygo 
260 |c 2005 
OWN |a LNN 
999 |a From the UDN01 
TYP |a Monograph 
980 |a Mạng thư viện Đại học Đà Nẵng